00410nam a2200121 4500008004100000040005500041245008100096260005200177300001400229650001600243942001200259999001700271230731b |||||||| |||| 00| 0 eng d aNational Science LibrarycNational Science Library aSystems engineering in ceramicsc/ Proceedings of a symposium 19 April, 1964 aWashington: bUS Department of Commerce, c1965 aiv, 136p. aProceedings 2udccPR c56211d56211